|
|
|
|
| LEADER |
00938nam a2200241 u 4500 |
| 001 |
10049819 |
| 003 |
upatras |
| 005 |
20210117200422.0 |
| 008 |
040315s1970 uk eng |
| 040 |
|
|
|a GR-PaULI
|c GR-PaULI
|
| 041 |
0 |
|
|a eng
|
| 082 |
0 |
4 |
|a 511.4
|
| 100 |
1 |
|
|a Hayes, J. G.
|9 41488
|
| 245 |
1 |
0 |
|a Numerical approximation to functios and data
|
| 260 |
|
|
|a London
|b The Athlone press
|c 1970
|
| 300 |
|
|
|a 177 p.
|c 24 cm.
|
| 504 |
|
|
|a Includes references
|
| 505 |
0 |
|
|a Based on a conference organized by the institute of mathematics and its applications, Canterbury, England, 1967
|
| 852 |
|
|
|a GR-PaULI
|b ΠΑΤΡΑ
|b ΒΚΠ
|b ΒΣ1
|k ΑΣΧΞ-12
|h 511.4 ΗΑΥ
|m 074530
|p 025000041064
|t 1
|
| 942 |
|
|
|2 ddc
|c BK15
|
| 952 |
|
|
|0 0
|1 0
|4 0
|6 511_400000000000000_ΗΑΥ
|7 0
|9 41625
|a LISP
|b LISP
|c BSC
|d 2016-04-24
|i 074530
|l 0
|o 511.4 ΗΑΥ
|p 025000041064
|r 2016-04-24 00:00:00
|t 1
|w 2016-04-24
|y BK15
|
| 998 |
|
|
|c ΣΑΤΛΑΝΗΣ
|d 2004-03
|
| 999 |
|
|
|c 26603
|d 26603
|